000 01238cam a2200229 4500500
005 20260111132233.0
041 _afre
042 _adc
100 1 0 _aLecocq, Daniel
_eauthor
245 0 0 _aPensionnaire et co-soignant à La Chesnaie
260 _c2025.
500 _a35
520 _aDaniel a été pensionnaire à La Chesnaie pendant des décennies. Avec des allées-venues, du temps plein, de l’hôpital de jour. Il a même, un temps, été moniteur. Daniel est aussi un puits de culture et une mémoire de l’institution. En 2004, pour le numéro 200 du journal de la clinique, La Souk, il proposait une réflexion sur le soin, sur la co-soignance, sur les attitudes intentionnelles qui fondent la posture co-soignante des pensionnaires, sur l’importance de la prise de conscience de cette fonction. En somme, une sorte de guide pour devenir co-soignant.
690 _aattitude
690 _aClinique
690 _aco-soignance
690 _acontact
690 _ahumour
690 _ainstitution
786 0 _nVST - Vie sociale et traitements | 168 | 4 | 2025-12-05 | p. 48-49 | 0396-8669
856 4 1 _uhttps://shs.cairn.info/revue-vst-vie-sociale-et-traitements-2025-4-page-48?lang=fr&redirect-ssocas=7080
999 _c1634627
_d1634627